Prieskum rodinných firiem na Slovensku

Salvato in:
Dettagli Bibliografici
Autore principale: Krošláková, Monika, 1975-
Altri autori: Sehnalová, Zuzana
Natura: Libro
Lingua:slovacco
Pubblicazione: Bratislava 2013
Soggetti:
Tags: Aggiungi Tag
Nessun Tag, puoi essere il primo ad aggiungerne!!

MARC

LEADER 00000nam a2200000 4500
001 0174143
005 20240502072953.1
041 0 |a slo 
044 |a SK 
245 1 0 |a Prieskum rodinných firiem na Slovensku  |c Monika Krošláková, Zuzana Sehnalová 
264 1 |a Bratislava  |c 2013 
300 |a [18 s.] 
610 2 0 |a firmy 
610 2 0 |a podnik rodinný 
610 2 0 |a prieskum 
610 2 0 |a Slovensko 
100 1 |a Krošláková, Monika, 1975- 
700 1 |a Sehnalová, Zuzana